000 00626nam a2200205 a 4500
001 575
005 20221127085954.0
008 050920s lxxua 00100|eng d
020 _a0130895266(hpb) :
_cSR256.00
035 _a588
082 0 4 _a658.4038
_bN534 2001
100 1 _aNickerson, Robert C.
245 1 0 _aBusiness and infromation systems /
_cRobert C. Nickerson.
250 _a2nd ed.
260 _aUpper Saddle River, NJ :
_bPrentice Hall,
_c2001.
300 _axxv, 494 p. :
_bill. ;
_c26 cm.,
500 _aIncludes index.
650 4 _aManagement information systems.
650 4 _aInformation technology
_xManagement.
999 _c575
_d575